Представление документа в формате RUSMARC

ПолеНазваниеЗначение
  Тип записи a
  Библиографический уровень m
001 Контрольный номер RU/SLIB/B/208742764
005 Дата корректировки 20201206204101.8
010 Индекс ISBN __
d Цена 1-00
101 Язык документа __
a Язык текста rus
200 Заглавие и сведения об ответственности __
a Заглавие 120 блюд из яиц
b Общее обозначение материала Текст
205 Сведения об издании __
b Дополнительные сведения об издании Репр. изд.
210 Выходные данные __
a Место издания СПб.
c Издательство Правда
d Дата издания 1912
215 Физическое описание __
a Объем 48 с.
606 Тематические рубрики __
a Основная рубрика Домоводство
610 Ключевые слова __
a Ключевые слова кулинарные рецепты; блюда из яиц
686 Индексы других классификаций __
a Классификационный индекс 36.992; ст36.992
801 Источник записи _0
a Страна RU
b Организация Муниципальное бюджетное учреждение культуры "Централизованная библиотечная система" г. Сургут (Центральная городская библиотека им. А. С. Пушкина)
g Правила каталогизации КиК/Елгина
801 Источник записи _1
a Страна RU
b Организация Муниципальное бюджетное учреждение культуры "Централизованная библиотечная система" г. Сургут (Центральная городская библиотека им. А. С. Пушкина)
g Правила каталогизации КиК/Елгина
852 Данные о местонахождении __
j Шифр хранения 36.992
c Каталожный индекс 36.992
i Авторский знак С 81
p Инвентарный номер Б/Н
901 Тип документа __
t Тип документа m
990 Данные о заказе (DOS) __
j Количество экземпляров (DOS) 1